00324nam a2200145Ia 4500003000900000008004100009040001300050040001300063100002300076245003900099250001400138260001200152300000800164490000600172IT-RoPAU120407s9999 xx 000 0 und d aIT-RoPAU cIT-RoPAU aOttavio De Angelis aLe sintassi Italo-latina comparate aLanciano  aCarabba c cm v1